Central Library OPAC University of Rajshahi

East Asian dynamism : (Record no. 42431)

MARC details
000 -LEADER
fixed length control field 01040nam a2200313 a 4500
001 - CONTROL NUMBER
control field 42431
003 - CONTROL NUMBER IDENTIFIER
rucl marc code BD-RjUL
005 - DATE AND TIME OF LATEST TRANSACTION
control field 20211209053536.0
008 - FIXED-LENGTH DATA ELEMENTS--GENERAL INFORMATION
fixed length control field 160612s1990 coua b 001 0 eng
020 ## - INTERNATIONAL STANDARD BOOK NUMBER
International Standard Book Number 0813379318
International Standard Book Number 0813379326 (pbk.)
035 ## - SYSTEM CONTROL NUMBER
System control number (BD-RjUL) 42549
040 ## - CATALOGING SOURCE
Original cataloging agency DLC
Transcribing agency DLC
Modifying agency MYG
-- BD-RjUL
Language of cataloging eng
041 ## - LANGUAGE CODE
Language code of text/sound track or separate title eng
082 ## - DEWEY DECIMAL CLASSIFICATION NUMBER
Edition number 23
Classification number 338.95
Author mark and year CHE 1990
100 1# - MAIN ENTRY--PERSONAL NAME
Personal name Chan, Steve.
9 (RLIN) 130512
245 10 - TITLE STATEMENT
Title East Asian dynamism :
Remainder of title growth, order, and security in the Pacific region /
Statement of responsibility, etc. Steve Chan.
260 ## - PUBLICATION, DISTRIBUTION, ETC. (IMPRINT)
Place of publication, distribution, etc. Boulder :
Name of publisher, distributor, etc. Westview Press,
Date of publication, distribution, etc. 1990.
300 ## - PHYSICAL DESCRIPTION
Pagination xv, 134 p. :
Illustrations ill. ;
Size 24 cm.
490 1# - SERIES STATEMENT
Series statement Dilemmas in world politics
504 ## - BIBLIOGRAPHY, ETC. NOTE
Bibliography, etc Includes bibliographical references (p. 117-125) and index.
651 #0 - SUBJECT ADDED ENTRY--GEOGRAPHIC NAME
Geographic name East Asia
General subdivision Economic policy.
9 (RLIN) 130513
Geographic name East Asia
General subdivision Politics and government.
9 (RLIN) 119641
Geographic name East Asia
General subdivision Economic integration.
9 (RLIN) 130514
830 #0 - SERIES ADDED ENTRY--UNIFORM TITLE
Uniform title Dilemmas in world politics.
942 ## - ADDED ENTRY ELEMENTS (KOHA)
Source of classification or shelving scheme Dewey Decimal Classification
Koha item type Books
949 ## - LOCAL PROCESSING INFORMATION (OCLC)
a MYGD
b 39080007008052
Holdings
Lost status Source of classification or shelving scheme Damaged status Not for loan Collection code Permanent Location Current Location Shelving location Date acquired Total Checkouts Full call number Date last seen Copy number Koha item type
  Dewey Decimal Classification     Non-fiction Central Library, University of Rajshahi Central Library, University of Rajshahi   05/01/1994   338.95 CHE 1990 12/06/2016 C-2 Books
  Dewey Decimal Classification   Not For Loan Non-fiction Central Library, University of Rajshahi Central Library, University of Rajshahi Reading Room 23/06/1994   338.95 CHE 1990 15/12/2016 C-1 Books